000
00301nam a22001217a 4500
008
181207b xxu||||| |||| 00| 0 eng d
041
_a
eng
080
_a
616.8-006
100
_a
6
101
_a
KAN
245
_a
Oncogenes An Introduction to the Concept of Cancer Genes
_c
Burck,K.B
942
_2
udc
_c
BK
999
_c
53022
_d
53022